000 00574nam a2200181Ia 4500
005 20250508154136.0
008 008 250505s9999 xx 000 0 eng d
037 _aTextual
040 _aFEDL
_beng
_cFEDL
041 _aeng
_2eng
084 _a360, IND
_qFEDL
245 0 _aProceedings of the seminar on social administration in developing countries : March 16-21, 1964
245 0 _cIndian International Centre
260 _aNew Delhi, India
_bIndia International Centre
_c1964
300 _a219p
942 _cTEXL
_h360, IND
999 _c1347957
_d1347957